000 00953nam a22002177a 4500
999 _c22128
_d22128
003 AR-CdUCM
008 190429b ||||| |||| 00| 0 spa d
040 _aMUNICIPALIDAD PROVINCIAL DEL CUSCO
_cBIBLIOTECA MUNICIPAL DEL CUSCO
082 _aAlborada/N°1/1980
110 _aC.E.B. Uriel García
_947498
245 _aAlborada :
_brevista anual /
_cTeodoro Seminario, director
260 _aCusco.
_bCEB Uriel García,
_c1980.
300 _a37 páginas. :
_c33 cm.
440 _aAlborada.
_nN°1, setiembre 1980.
_947499
505 _aContenido: Dos vidas fecundas y laboriosas que se fueron. Rhina Venero Oblitas.-- Dos dignos maestros en sus bodas de plata. Ana Bertha Elorrieta de Arzubialde.-- El centro educativo base Uriel García y su trayectoria educativa. Darwin Venero. ...
650 _aLiteratura cusqueña
_947500
650 _aEducación
_9460
700 _aElorrieta de Arzubialde, Ana Bertha
_947501
942 _2ddc
_cPP
945 _arac